000 00211nam a2200097Ia 4500
008 240331s9999 xx 000 0 und d
082 _bBHA
100 _aVenkatachalapathy,A.R. ed
245 0 _aBharathi
942 _cL
999 _c5657
_d5657